lord of the rings trivia - Statistics

General Stats
  • This quiz has been taken 283 times
  • The average score is 6 of 9
Answer Stats
Hint Answer % Correct
THE NAME OF GANDALFS HORSE? shadowfax
98%
WHO LED FRODO AND SAM TO MORDOR? GOLLUM
95%
THE FELLOWSHIP CONSISTED OF HOW MANY PEOPLE? 9
94%
ARAGORNS TRUE LOVE? ARWEN
94%
WHAT MEMBER OF THE FOLLOWSHIP DIED AT AMON HEN? BOROMIR
91%
WHAT WERE THE HOBBITS FREQUENTLY CALLED? HALFLINGS
80%
WHERE DOES FRODO GET STABBED BY THE BLACK RIDERS? WEATHERTOP
79%
WHO WAS THE LEADER OF ROHIRRIM? OMER
8%
WHAT CREATURE DID SAM WANT TO SEE? AN OLIPHANT
5%
No matching quizzes found
Score Distribution
Percent of People with Each Score
Percentile by Number Answered
Your Score History
You have not taken this quiz